Responses for show #8263 - Wednesday, October 21, 2020

Contestants

[<< previous game]

Cole Bolton, an A.I. writer originally from South Hero, Vermont

Aimee Lim, a library page from Arcadia, California

Carlos Chaidez, a civil engineer from Burbank, California (whose 1-day cash winnings total $10,400)

[next game >>]

Jeopardy! Round responses

IN THE STATE
SCIENCE DIGEST
THE "A", "B", "C"s OF GOLF
COOKING & FOOD
EXERCISE YOUR...
5-LETTER WORDS
    $200 1
New Jersey

Carlos
    $200 6
dominant & recessive

Aimee
    $200 12
a caddy

Aimee
    $200 13
vanilla

Carlos
    $200 30
a march

Cole
    $200 7
proxy

Carlos
    $400 2
(Carlos: What is Michigan?)

Montana

CarlosCole
    $400 17
ozone

Carlos
    $400 15
ace

Aimee
    $400 24
al dente

Carlos
    $400 29
a terrier

Aimee
    $400 8
hazel

Cole
    $600 3
Kentucky

Cole
    $600 16
black holes

Cole
    $600 22
baseball

Cole
    $2,500 21
bouillabaisse

Cole
    $600 28
triceps

Cole
    $600 9
a kazoo

Cole
    $800 4
Idaho

Carlos
    $800 14
circulatory

Cole
    $800 23
break

Triple Stumper
    $800 20
oregano

Cole
    $800 27
the option year

Triple Stumper
    $800 10
pixie

Cole
    $1000 5
Ohio

Carlos
    $1000 18
(Carlos: What is a vacuum?)
(Aimee: What is a desert?)

sterile

CarlosAimee
Triple Stumper
    $1000 25
an approach

Carlos
    $1000 19
a roux

Cole
    $1000 26
Albert

Carlos
    $1000 11
fugue

Cole

Scores at the first commercial break (after clue 15):

Carlos Aimee Cole
$2,000 $800 $4,600

Scores at the end of the Jeopardy! Round:

Carlos Aimee Cole
$3,800 $200 $10,900

Double Jeopardy! Round responses

ARCHITECTS & ARCHITECTURE
BROADWAY DEBUTS
JAPANESE EMPERORS
IT'S ALL FAKE
A "DIAMOND"
IN THE ROUGH DRAFT
    $400 26
Detroit

Aimee
    $400 27
Hugh Jackman

Carlos
    $400 24
the Fukushima

Carlos
    $400 20
counterfeit

Carlos
    $400 6
Diamond Head

Carlos
    $400 1
the Declaration of Independence

Cole
    $800 11
concrete

Aimee
    $800 30
Anne Frank

Aimee
    $1,000 23
Hirohito

Cole
    $800 17
forge

Aimee
    $800 12
diamond jubilee

Cole
    $800 2
FDR

Cole
    $1200 8
(Carlos: The [*]. What is the [*]?)

the Getty

Carlos
    $500 22
(Cole: Uh, what is... Rent, I have no idea.)

Waitress

Cole
    $1200 10
shogun

Cole
    $1200 16
imposter

Cole
    $1200 13
"Diamonds Are A Girl's Best Friend"

Carlos
    $1200 3
Updike

Cole
    $1600 7
(Cole: Uh, what is... Harvard?)

MIT

Cole
Triple Stumper
    $1600 21
The Crucible

Cole
    $1600 9
Kyoto

Carlos
    $1600 15
charlatan

Triple Stumper
    $1600 14
Blue Diamond

Carlos
    $1600 4
Jane Austen

Aimee
    $2000 25
Saarinen

Cole
    $2000 29
Tim Curry

Aimee
    $2000 28
(Carlos: Who is... Akihito?)

Shinzo Abe

CarlosAimee
    $2000 18
bluff

Aimee
    $2000 19
diamondback

Cole
    $2000 5
(Carlos: What is Ulysses?)

Finnegans Wake

CarlosAimee

Scores at the end of the Double Jeopardy! Round:

Carlos Aimee Cole
$7,000 $12,600 $21,000

[wagering suggestions for these scores]

Final Jeopardy! Round responses

SCREENWRITERS
CarlosWho is not KUBRICK!
$1,000
AimeeWho is Trumbo?
$12,600
ColeWho is Gold?
$4,300
Dalton Trumbo

Final scores:

Carlos Aimee Cole
$6,000 $25,200 $16,700
3rd place: $1,000 New champion: $25,200 2nd place: $2,000

Game dynamics:

Coryat scores:

Carlos Aimee Cole
$7,000 $12,600 $19,400
17 R,
4 W
13 R,
1 W
24 R
(including 2 DDs),
2 W
(including 1 DD)

Combined Coryat: $39,000

The J! Archive is created by fans, for fans. The Jeopardy! game show and all elements thereof, including but not limited to copyright and trademark thereto, are the property of Jeopardy Productions, Inc. and are protected under law. This website is not affiliated with, sponsored by, or operated by Jeopardy Productions, Inc. Join the discussion at JBoard.tv.